000
00279nam a2200121Ia 4500
008
140130s9999 xx 000 0 und d
245
_c
Ruby, Laura
_a
Lily's ghosts
260
_b
Scholastic,
_c
2003
440
_v
1
521
_a
Grade 3 - Grade 5
942
_c
BK
999
_c
41033
_d
41033